000
00237nmm a2200085Ia 4500
008
220120s9999||||xx |||||||||||||||||und||
100
_a
PCQ-JAN-2009
_9
11092
245
0
_a
Hotest linux distro in toen, fedora 10, Net beans IDE
260
_c
2009
999
_c
139281
_d
139281